Klikkaa käännöstä - ranska - Statistics

Yleistilastot
  • Tätä visaa on pelattu 1 998 kertaa
  • Keskiarvotulos 11 / 20
Vastaustilastot
Hint Vastaus % Oikein
Viini Vin
89%
Omena Pomme
70%
Kaupunki Ville
68%
Tietokone Ordinateur
64%
Keskiviikko Mercredi
63%
Hevonen Cheval
59%
Kirja Livre
58%
Talo Maison
58%
Leipä Pain
57%
Ruoho Herbe
55%
Vene Bateau
51%
Kala Poisson
49%
Auto Voiture
49%
Keltainen Jaune
48%
Viikko Semaine
48%
Kauppa Magasin
46%
Puu Arbre
45%
Pää Tête
43%
Joki Fleuve
37%
Pilvi Nuage
33%
Ehtoja vastaavia visoja ei löytynyt
Tulosjakauma
Jokaisen tuloksen saaneiden osuus
Persentiili vastausten määrän mukaan
Tuloshistoriasi
Et ole pelannut tätä visaa